Normal view
MARC view
- الاسلام- دفع مطاعن- الاسلام والمسيحية- الاسلام واليهود
Entry Topical Term
001 - CONTROL NUMBER
- control field: 13611
003 - CONTROL NUMBER IDENTIFIER
- control field: JO-AjAnu
005 - DATE AND TIME OF LATEST TRANSACTION
- control field: 20230606072457.0
008 - FIXED-LENGTH DATA ELEMENTS
- fixed length control field: 230606|| aca||aabn | a|a d
040 ## - CATALOGING SOURCE
- Original cataloging agency: JO-AjAnu
- Transcribing agency: JO-AjAnu
150 ## - HEADING--TOPICAL TERM
- Topical term or geographic name entry element: الاسلام- دفع مطاعن- الاسلام والمسيحية- الاسلام واليهود
670 ## - SOURCE DATA FOUND
- Source citation: Work cat.: (JO-AjAnu)7001: ابن قيم الجوزية، أبي عبدالله محمد بن أبي بكر الزرعي, author 13610, هداية الحيارى في أجوبة اليهود والنصارى